Manejo de la fauna de caza, una construcción a partir de lo local : (Registro nro. 2079)

Detalles MARC
000 -CABECERA
Campo de control 00737nam a2200229 i 4500
005 - FECHA Y HORA DE LA ULTIMA TRANSACCION
Campo de control 20200104041527.0
008 - ELEMENTOS DE LONGITUD FIJA—INFORMACION GENERAL
Campo de control 140304s2000 ck ||||| |||| 00| 0 spa d
040 ## - FUENTE DE CATALOGACIÓN
Agencia catalogadora original CO-BoIAVH
Agencia transcriptora CO-BoIAVH
041 ## - IDIOMA
Código de idioma para texto/pista de sonido o título separado Español
044 ## - PAÍS DE PUBLICACIÓN
País de publicación Colombia
082 04 - NUMERO DE CLASIFICACION DECIMAL DEWEY
Número de clasificación 333.75
Número del ítem R89m
100 1# - ASIENTO PRINCIPAL--NOMBRE PERSONAL
Nombre personal Rubio Torgler, Heidi
9 (RLIN) 2611
245 10 - MENCION DE TITULO
Título Manejo de la fauna de caza, una construcción a partir de lo local :
Parte restante del título métodos y herramientas /
Mención de responsabilidad Heidi Rubio Torgle.
260 ## - PUBLICACION, DISTRIBUCION, ETC. (PIE DE IMPRENTA)
Lugar de publicación, distribución, etc. Bogotá:
Nombre del editor, distribuidor, etc. OREWA,
Fecha de publicación, distribución, etc. 2000.
300 ## - DESCRIPCION FISICA
Extensión 160 páginas
650 14 - ASIENTO SECUNDARIO DE MATERIA - TERMINO TEMATICO
Término temático o nombre geográfico como elemento de entrada Caza
9 (RLIN) 55979
650 24 - ASIENTO SECUNDARIO DE MATERIA - TERMINO TEMATICO
Término temático o nombre geográfico como elemento de entrada Conservación de la vida silvestre
9 (RLIN) 158
650 24 - ASIENTO SECUNDARIO DE MATERIA - TERMINO TEMATICO
Término temático o nombre geográfico como elemento de entrada Fauna
9 (RLIN) 55981
700 1# - ASIENTO SECUNDARIO - NOMBRE PERSONAL
Nombre personal Ulloa Cubillos, Astrid,
Término de relación autora.
9 (RLIN) 14465
700 1# - ASIENTO SECUNDARIO - NOMBRE PERSONAL
Nombre personal Campos Rozo, Claudia,
Término de relación autora.
9 (RLIN) 14466
942 ## - ELEMENTOS ADICIONALES (KOHA)
Tipo de ítem Libro
Sistema de clasificación Dewey Decimal Classification
Existencias
Withdrawn status Lost status Sistema de Clasificación Damaged status No para préstamo Colección Inventariado Ubicación Permanente Ubicación actual Fecha de adquisición Fuente de Valor Valor Total Checkouts Número topográfico Inventario / Código de Barras Date last seen Ejemplar Price effective from Forma de adquisición Tipo de material
    Dewey Decimal Classification     General Inventariado 2017 Bogotá Bogotá 29/01/2001 Instituto 39000.00   LB-333.75 R89m 002577 04/12/2012 Ej. 1 04/12/2012   Libro
    Dewey Decimal Classification     General Inventariado 2017 Bogotá Bogotá 06/03/2001 Instituto 39000.00   LB-333.75 R89m 002578 04/12/2012 Ej. 2 04/12/2012   Libro